000
00281nam a22001337a 4500
008
180308b xxu||||| |||| 00| 0 eng d
020
_a
07sr23743400
041
_a
eng
080
_a
004
100
_a
30
101
_a
SHKI
245
_a
Exploring JAVA
_c
Oreilly
942
_2
udc
_c
BK
999
_c
44378
_d
44378